Εκτίμηση της οικολογικής κατάστασης με βάση βιοτικούς δείκτες μακροβενθικής πανίδας (Οδηγία 2000 διπλωματική εργασία

Αποθηκεύτηκε σε:
Λεπτομέρειες βιβλιογραφικής εγγραφής
Κύριος συγγραφέας: Τατάρογλου, Ιωάννα-Μυρτώ
Συγγραφή απο Οργανισμό/Αρχή: Πανεπιστήμιο Αιγαίου Σχολή Περιβάλλοντος Τμήμα Επιστημών της Θάλασσας
Άλλοι συγγραφείς: Κουτσούμπας, Δρόσος (Εισηγητής διατριβής)
Μορφή: Thesis Βιβλίο
Γλώσσα:Greek
Δημοσίευση: 2010
Θέματα:
Διαθέσιμο Online:http://hdl.handle.net/11610/7119
Ετικέτες: Προσθήκη ετικέτας
Δεν υπάρχουν, Καταχωρήστε ετικέτα πρώτοι!

MARC

LEADER 00000cam a2200000 i 4500
001 1/14410
008 110726s2010 gre d
035 |l 10110567 
040 |a GR-MY-UA  |b gre  |e aacr 
041 0 |a gre 
082 0 |a 577.77  |2 (22) 
100 1 |a Τατάρογλου, Ιωάννα-Μυρτώ. 
245 1 0 |a Εκτίμηση της οικολογικής κατάστασης με βάση βιοτικούς δείκτες μακροβενθικής πανίδας (Οδηγία 2000/60) στη λιμνοθάλασσα του Ερατεινού (Ν. Καβάλας) :  |b διπλωματική εργασία /  |c Ιωάννα-Μυρτώ Τατάρογλου ; επιβλέπων: Δρόσος Κουτσούμπας 
260 |c 2010 
300 |a 111 σ. ;  |b εικ., πιν., φωτ.;  |c 30 εκ. 
502 |a Πτυχιακή εργασία – Πανεπιστήμιο Αιγαίου, Λέσβος, 2010. 
504 |a Βιβλιογραφία: σ. 104-111 
650 0 |a Lagoon ecology  |z Greece  |z Kavala. 
650 0 |a Lagoons  |z Greece  |z Kavala. 
650 0 0 |a Benthos  |x Research. 
650 0 0 |a Marine ecology  |z Greece  |z Kavala. 
650 0 0 |a Plankton  |x Ecology. 
650 0 0 |a Dissertations, Academic  |z Greece. 
700 1 |4 ths  |a Κουτσούμπας, Δρόσος. 
710 2 |a Πανεπιστήμιο Αιγαίου  |b Σχολή Περιβάλλοντος  |b Τμήμα Επιστημών της Θάλασσας. 
852 |a INST  |b LESVOS  |c DIATR  |e 20110726  |h 497  |p 005100049709  |q 005100049709  |t DIE  |y 23 
852 |a INST  |b LESVOS  |c DIATR  |e 20110726  |h 498  |p 005100049710  |q 005100049710  |t DIE  |y 23 
856 |u http://hdl.handle.net/11610/7119 
901 |a BIBL1-2011-2 
909 |a Λ  |b 169488 
909 |a Λ  |b 169489 
924 |a ΤΑΤΑΡΟΓΛΟΥ  |b ΙΩΑΝΝΑ-ΜΥΡΤΩ  |y ΛΕΣΒΟΣ  |z 2011-07 
970 |a ΠΑΤΣΗ  |b ΑΝΘΙΠΠΗ  |z 2011/07/26